Sports Quiz

Random Sports Quiz
Score 0/13 Timer 05:00
0 Plays Today
First-last All-Star selection with team Player % Correct
2002-2008Jason Kidd
95.7%
2012-2012Deron Williams
88.8%
2013-2013Brook Lopez
84.1%
1982-1986Buck Williams
76.4%
1998-1998Jayson Williams
75.7%
2005-2007Vince Carter
75.1%
2004-2004Kenyon Martin
57.1%
2009-2009Devin Harris
42.7%
1994-1994Derrick Coleman
34.6%
2001-2001Stephon Marbury
33.8%
1994-1994Kenny Anderson
25.8%
1985-1985Micheal Ray Richardson
14.7%
1984-1984Otis Birdsong
8.6%

You're not logged in!

Compare scores with friends on all Sporcle quizzes.
OR
Log In

Sporcle TV

Today on Sporcle TV


Watch our educational content, quiz creation guides, and fun videos on Sporcle TV.

Show Comments

Extras

Top Quizzes Today


Score Distribution

Paid Content

Your Account Isn't Verified!

In order to create a playlist on Sporcle, you need to verify the email address you used during registration. Go to your Sporcle Settings to finish the process.

Report this User

Report this user for behavior that violates our Community Guidelines.

Details: